Foot book (The) / (Record no. 102319)
[ view plain ]
| 000 -LEADER | |
|---|---|
| fixed length control field | 00716nam a2200217 a 4500 |
| 005 - DATE AND TIME OF LATEST TRANSACTION | |
| control field | 20140412111234.0 |
| 008 - FIXED-LENGTH DATA ELEMENTS--GENERAL INFORMATION | |
| fixed length control field | 010130s19uu xx 00 eng d |
| 020 ## - INTERNATIONAL STANDARD BOOK NUMBER | |
| International Standard Book Number | 0-394-80937-8 |
| 050 ## - LIBRARY OF CONGRESS CALL NUMBER | |
| Classification number | TR(PS |
| Item number | Fo68 1968 |
| 050 ## - LIBRARY OF CONGRESS CALL NUMBER | |
| Classification number | ER |
| Item number | Fo68 1968 |
| 100 ## - MAIN ENTRY--PERSONAL NAME | |
| Personal name | Dr. Seuss |
| 245 ## - TITLE STATEMENT | |
| Title | Foot book (The) / |
| Statement of responsibility, etc | by Dr. Seuss. |
| 260 ## - PUBLICATION, DISTRIBUTION, ETC. (IMPRINT) | |
| Place of publication, distribution, etc | New York : |
| Name of publisher, distributor, etc | Random House, |
| Date of publication, distribution, etc | 1968. |
| 300 ## - PHYSICAL DESCRIPTION | |
| Extent | 1 v. (unp.) ; ill. |
| 440 ## - SERIES STATEMENT/ADDED ENTRY--TITLE | |
| Title | A Bright and Early Books for Beginning Beginners |
| 520 ## - SUMMARY, ETC. | |
| Summary, etc | Text and pictures tell about many kind of feet--front feet, back feet, red feet, black feet, slow feet, quick feet, trick feet, sick feet, etc. |
| 650 ## - SUBJECT ADDED ENTRY--TOPICAL TERM | |
| Topical term or geographic name as entry element | Foot |
| General subdivision | Fiction |
| 650 ## - SUBJECT ADDED ENTRY--TOPICAL TERM | |
| Topical term or geographic name as entry element | Dr. Seuss |
| Withdrawn status | Lost status | Damaged status | Use restrictions | Home library | Current library | Shelving location | Date acquired | Source of acquisition | Total Checkouts | Full call number | Barcode | Date last seen | Price effective from | Koha item type |
|---|---|---|---|---|---|---|---|---|---|---|---|---|---|---|
| Elizalde Library | Elizalde Library | Teachers Reference Section | 01/30/2001 | TR(PS Fo68 1968 | E1397 | 04/12/2014 | 04/12/2014 | Books | ||||||
| Elizalde Library | Elizalde Library | Easy Reading Section | 04/25/2001 | ER Fo68 1968 | E8543 | 04/12/2014 | 04/12/2014 | Books |